Urban world (Record no. 115433)
[ view plain ]
| 000 -LEADER | |
|---|---|
| fixed length control field | 02227cad a22003015a 4500 |
| 001 - CONTROL NUMBER | |
| control field | L158646 |
| 008 - FIXED-LENGTH DATA ELEMENTS--GENERAL INFORMATION | |
| fixed length control field | 140115s2012 xxk f 000 0 eng d |
| 035 ## - SYSTEM CONTROL NUMBER | |
| System control number | (Sirsi) u158646 |
| 041 0# - LANGUAGE CODE | |
| Language code of text/sound track or separate title | eng |
| 110 2# - MAIN ENTRY--CORPORATE NAME | |
| Corporate name or jurisdiction name as entry element | McKinsey Global Institute |
| 9 (RLIN) | 3687 |
| 245 00 - TITLE STATEMENT | |
| Title | Urban world |
| Remainder of title | Cities and the rise of the consuming class |
| Medium | [electronic resource] |
| 260 ## - PUBLICATION, DISTRIBUTION, ETC. | |
| Place of publication, distribution, etc. | London |
| Name of publisher, distributor, etc. | McKinsey & Company |
| Date of publication, distribution, etc. | 2012 |
| 505 ## - FORMATTED CONTENTS NOTE | |
| Formatted contents note | Executive summary -- The global economic balance is shifting to emerging cities -- Expanding urban economies are creating waves of new consumers -- Growing emerging market cities will require investment, capital, and resources -- The science - and art - of business strategy in emerging cities -- The policy agenda differs in emerging and developed regions -- Appendinx: Technical notes -- Bibliography |
| 520 ## - SUMMARY, ETC. | |
| Summary, etc. | Focuses on the economic power of cities, the huge expansion of urban consuming classes, and the implication of the consumer demand for the construction of new residential and commercial buildings, port capacity to meet rising volumes of container shipping as demand fuels trade in goods, and municipal water. In this research, McKinsey Global Institute expanded and updated the MGI Cityscope database of cities. This allows them to offer insights into the evolution of the urban world and its demographics, household structure and incomes. Cityscope 2.0 includes 253 more cities, to bring the total covered to 2,657, and incorporates the latest economic and demographic data, including data available from China's 2010 and India's 2011 census. They have also added estimates of new metrics against which to view cities' contribution to activity and growth in different sectors. |
| 590 ## - LOCAL NOTE (RLIN) | |
| Local note | KA |
| 650 24 - SUBJECT ADDED ENTRY--TOPICAL TERM | |
| Topical term or geographic name entry element | GLOBAL ECONOMY |
| 650 24 - SUBJECT ADDED ENTRY--TOPICAL TERM | |
| Topical term or geographic name entry element | URBANISATION |
| 651 #4 - SUBJECT ADDED ENTRY--GEOGRAPHIC NAME | |
| Geographic name | International |
| 690 ## - LOCAL SUBJECT ADDED ENTRY--TOPICAL TERM (OCLC, RLIN) | |
| Topical term or geographic name as entry element | Planning and development |
| 9 (RLIN) | 6259 |
| 700 1# - ADDED ENTRY--PERSONAL NAME | |
| Personal name | Dobbs, Richard |
| 700 1# - ADDED ENTRY--PERSONAL NAME | |
| Personal name | Remes, Jaana |
| 700 1# - ADDED ENTRY--PERSONAL NAME | |
| Personal name | Manyika, James |
| 700 1# - ADDED ENTRY--PERSONAL NAME | |
| Personal name | Roxburgh, Charles |
| 700 1# - ADDED ENTRY--PERSONAL NAME | |
| Personal name | Smit, Sven |
| 700 1# - ADDED ENTRY--PERSONAL NAME | |
| Personal name | Schaer, Fabian |
| 856 40 - ELECTRONIC LOCATION AND ACCESS | |
| Uniform Resource Identifier | <a href="https://www.mckinsey.com/insights/urbanization/urban_world_cities_and_the_rise_of_the_consuming_class">https://www.mckinsey.com/insights/urbanization/urban_world_cities_and_the_rise_of_the_consuming_class</a> |
| Public note | View the item free of charge from the www.mckinsey.com website |
| 942 ## - ADDED ENTRY ELEMENTS (KOHA) | |
| Suppress in OPAC | 0 |
| Withdrawn status | Lost status | Source of classification or shelving scheme | Damaged status | Not for loan | Home library | Current library | Shelving location | Date acquired | Total Checkouts | Full call number | Barcode | Date last seen | Copy number | Price effective from | Koha item type |
|---|---|---|---|---|---|---|---|---|---|---|---|---|---|---|---|
| Dewey Decimal Classification | Virtual | Virtual | Online | 22/05/2015 | ONLINE PUBLICATION | 158646-2001 | 06/08/2019 | 1 | 06/08/2019 | Book |